Statistics for Best Films in Major Lists

Click here to take the quiz!

General Stats

  • This quiz has been taken 183 times
  • The average score is 5 of 12

Answer Stats

YearDirectorAnswer% Correct
1972Francis Ford CoppolaThe Godfather
81%
1941Orson WellesCitizen Kane
75%
1974Francis Ford CoppolaThe Godfather - Part II
57%
1960Alfred HitchcockPsycho
44%
1958Alfred HitchcockVertigo
39%
1979Francis Ford CoppolaApocalypse Now
32%
1968Stanley Kubrick2001: A Space Odyssey
26%
1959Billy WilderSome Like it Hot
25%
1976Martin ScorseseTaxi Driver
25%
1952Stanley Donen, Gene KellySingin' in the Rain
24%
1931Charlie ChaplinCity Lights
19%
1926Buster Keaton, Clyde BruckmanThe General
13%

Score Distribution

Percentile by Number Answered

Percent of People with Each Score

Your Score History

You have not taken this quiz